Pays qui reconnaissent la Palestine (sur une carte) - Statistiques

Statistiques générales
  • Ce quiz a été pris 162 fois
    114 depuis la dernière actualisation
  • Le résultat moyen est 96 sur 156
Réponses sur la Carte
Les réponses sont colorées sur une échelle allant du rouge au vert en fonction du pourcentage des utilisateurs qui les ont devinées à leur premier essai. Vous pouvez retrouver ces pourcentages ci-dessous.
 
Statistiques - réponses
Pays % Correct
France
95%
Espagne
92%
Algérie
90%
Maroc
88%
Russie
88%
Tunisie
87%
Canada
86%
Chine
86%
Inde
84%
Portugal
82%
Arabie saoudite
81%
Brésil
81%
Egypte
81%
Mexique
80%
Australie
78%
Turquie
78%
Afrique du Sud
77%
Libye
77%
Royaume-Uni
75%
Irak
74%
Iran
74%
République démocratique du Congo
74%
Suède
74%
Corée du Nord
73%
Mali
73%
Mongolie
73%
Norvège
73%
République du Congo
73%
Sénégal
73%
Argentine
71%
Chili
71%
Emirats Arabes Unis
71%
Mauritanie
71%
Oman
71%
Irlande
70%
Pakistan
70%
Niger
69%
Ukraine
69%
Yémen
69%
Afghanistan
68%
Indonésie
68%
Madagascar
68%
Soudan
68%
Colombie
67%
Islande
67%
Kazakhstan
67%
Liban
67%
Paraguay
67%
Soudan du Sud
67%
Syrie
67%
Bolivie
66%
Jordanie
66%
Nigéria
66%
Qatar
66%
Tchad
66%
Venezuela
66%
Angola
65%
Belgique
65%
Pologne
65%
Uruguay
65%
Cuba
64%
Guinée
63%
Koweit
63%
Pérou
63%
Thailande
63%
Biélorussie
62%
Bosnie-Herzégovine
62%
Guyana
62%
Somalie
62%
Zambie
62%
Albanie
60%
Ethiopie
60%
Ghana
60%
Népal
60%
Vietnam
60%
Zimbabwe
60%
Côte d'Ivoire
59%
Equateur
59%
Mozambique
59%
Roumanie
59%
Serbie
59%
Suriname
59%
Tanzanie
59%
Botswana
58%
Burkina Faso
58%
Chypre
58%
Guinée-Bissau
58%
Haiti
58%
Laos
58%
Lesotho
58%
Bangladesh
57%
Cap-Vert
57%
Kenya
57%
Namibie
57%
Rwanda
57%
Togo
57%
Turkmenistan
57%
Arménie
56%
Bahrein
56%
Cambodge
56%
Comores
56%
Guinée équatoriale
56%
Honduras
56%
Ouzbékistan
56%
République centrafricaine
56%
République dominicaine
56%
Benin
55%
Bhoutan
55%
Djibouti
55%
Gambie
55%
Luxembourg
55%
Nicaragua
55%
Salvador
55%
Slovaquie
55%
Azerbaidjan
54%
Bahamas
54%
Costa Rica
54%
Eswatini
54%
Gabon
54%
Guatemala
54%
Jamaique
54%
Kirghizistan
54%
Libéria
54%
Sierra Leone
54%
Sri Lanka
54%
Andorre
53%
Bulgarie
53%
Malaisie
53%
Maldives
53%
Seychelles
53%
Tadjikistan
53%
Belize
52%
Géorgie
52%
Malawi
52%
Ouganda
52%
Burundi
51%
Dominique
51%
Malte
51%
Philippines
49%
Sao Tomé-et-Principe
49%
Slovénie
49%
Vatican
49%
Monaco
48%
Ile Maurice
47%
Monténégro
47%
Trinité-et-Tobago
46%
Barbade
45%
Brunei
44%
Saint-Marin
44%
Sainte-Lucie
43%
Antigua-et-Barbuda
40%
Saint-Vincent-et-les-Grenadines
40%
Saint-Christophe-et-Niévès
38%
Timor Oriental
37%
Grenade
35%
Vanuatu
31%
Aucun quiz correspondant
Distribution des résultats
% des personnes avec chaque résultat
Percentile par nombre de réponses
Votre historique - résultats
Vous n’avez pas pris ce quiz depuis la dernière actualisation